¿Conflictos entre derechos fundamentales? (Record no. 19482)

MARC details
000 -LEADER
campo de control de longitud fija 00980nam a2200241 i 4500
001 - NÚMERO DE CONTROL
campo de control 19482
003 - IDENTIFICADOR DE NÚMERO DE CONTROL
campo de control ES-MaACL
005 - FECHA Y HORA DE LA ÚLTIMA TRANSACCIÓN
campo de control 20230906152115.0
007 - CAMPO FIJO DE DESCRIPCIÓN FÍSICA--INFORMACIÓN GENERAL
campo de control de longitud fija t|
008 - DATOS DE LONGITUD FIJA--INFORMACIÓN GENERAL
campo de control de longitud fija 020903s2001 sp ||||1| spa d
020 ## - NÚMERO INTERNACIONAL ESTÁNDAR DEL LIBRO
Número Internacional Estándar del Libro 84-259-1171-0
080 ## - NÚMERO DE LA CLASIFICACIÓN DECIMAL UNIVERSAL
Número de la Clasificación Decimal Universal 342.72/73(460)"19"
100 1# - ENTRADA PRINCIPAL--NOMBRE DE PERSONA
Nombre de persona Domingo, Tomás de.
9 (RLIN) 45126
245 10 - MENCIÓN DEL TÍTULO
Título ¿Conflictos entre derechos fundamentales?
Resto del título : un análisis desde las relaciones entre los derechos a la libre expresión e información y los derechos al honor y la intimidad /
Mención de responsabilidad, etc. Tomás de Domingo ; estudio preliminar de Antonio Luis Martínez-Pujalte.
260 ## - PUBLICACIÓN, DISTRIBUCIÓN, ETC.
Lugar de publicación, distribución, etc. Madrid :
Nombre del editor, distribuidor, etc. Centro de Estudios Políticos y Constitucionales,
Fecha de publicación, distribución, etc. 2001.
300 ## - DESCRIPCIÓN FÍSICA
Extensión 402 p. ;
Dimensiones 22 cm.
490 1# - MENCIÓN DE SERIE
Mención de serie Cuadernos y debates ;
Designación de volumen o secuencia 116
650 14 - PUNTO DE ACCESO ADICIONAL DE MATERIA--TÉRMINO DE MATERIA
Término de materia o nombre geográfico como elemento de entrada Derechos políticos y civiles-
Subdivisión geográfica España.
9 (RLIN) 11781
700 1# - ENTRADA AGREGADA--NOMBRE PERSONAL
Nombre de persona Martínez-Pujalte, Antonio Luis.
9 (RLIN) 78341
830 0# - PUNTO DE ACCESO ADICIONAL DE SERIE-TÍTULO UNIFORME
Título uniforme Cuadernos y debates ;
Designación de volumen o secuencia 116
9 (RLIN) 180619
852 ## - LOCALIZACIÓN
Ubicación ES-MaACL
Número de control de estantería L-25921
Sublocalización o colección R.131788
Holdings
Estatus retirado Estado de pérdida Estado de daño No para préstamo Biblioteca de origen Biblioteca actual Ubicación en estantería Fecha de adquisición Fuente de adquisición Total de préstamos Signatura topográfica completa Código de barras Visto por última vez Precio de reemplazo Tipo de ítem Koha
        Biblioteca del Ateneo de Madrid Biblioteca del Ateneo de Madrid Depósito 2 17/01/2008     L-25921 1019932 23/02/2023 23/02/2023 Libro impreso